| 000 | 00746cam a2200253 4500 | ||
|---|---|---|---|
| 008 | 040419n2004 000 0 eng u | ||
| 020 | _a1843340771 | ||
| 035 | _a(Sirsi) u125860 | ||
| 041 | _aeng | ||
| 050 |
_a025.4 _c18 |
||
| 100 | _aStacey, Alison | ||
| 245 |
_aEffective information retrieval from the internet _ban advanced user's guide. |
||
| 260 |
_aOxford _bChandos _c2004 |
||
| 300 |
_axiii, 310p _c24cm. |
||
| 350 | _a39 | ||
| 490 | _aChandos Information Professional Series | ||
| 650 | _aINFORMATION RETRIEVAL | ||
| 650 | _aONLINE SEARCHING | ||
| 650 | _aUSER EDUCATION | ||
| 650 | _aELECTRONIC INFORMATION | ||
| 690 | _aMANAGEMENT-BUSINESS MANAGEMENT-INFORMATION MANAGEMENT | ||
| 700 | _aStacey, Adrian | ||
| 942 | _n0 | ||
| 999 |
_c103482 _d103482 |
||